[Event "Pfalz-ch HT3 86th"]
[Site "Wolfstein"]
[Date "2017.04.14"]
[Round "5"]
[White "Eimer, Christina"]
[Black "Knoeringer, Klaus"]
[Result "0-1"]
[WhiteElo "1778"]
[BlackElo "1933"]
[PlyCount "30"]
[EventDate "2017.04.07"]
[EventType "swiss"]
[EventRounds "7"]
[EventCountry "GER"]
[SourceTitle "EXT 2018"]
[Source "ChessBase"]
[SourceDate "2017.10.13"]
[SourceVersion "1"]
[SourceVersionDate "2017.10.13"]
[SourceQuality "1"]

1. d4 d5 2. Nf3 Nf6 3. e3 Nc6 4. c4 Bg4 5. Nc3 e6 6. b3 Bb4 7. Bd2 e5 8. dxe5 Nxe5 9. Be2 Bxf3 10. Bxf3 dxc4 11. Bxb7 Rb8 12. Bf3 0-0 13. Ne4 Nxf3+ 14. gxf3 Nxe4 15. fxe4 c3 0-1

[Event "Pfalz-ch HT3 86th"]
[Site "Wolfstein"]
[Date "2017.04.14"]
[Round "6"]
[White "Hoppe, Florian"]
[Black "Eimer, Christina"]
[Result "1/2-1/2"]
[WhiteElo "1564"]
[BlackElo "1778"]
[PlyCount "35"]
[EventDate "2017.04.07"]
[EventType "swiss"]
[EventRounds "7"]
[EventCountry "GER"]
[SourceTitle "EXT 2018"]
[Source "ChessBase"]
[SourceDate "2017.10.13"]
[SourceVersion "1"]
[SourceVersionDate "2017.10.13"]
[SourceQuality "1"]

1. d4 d5 2. Nf3 Nf6 3. g3 e6 4. Bg2 c5 5. 0-0 Nc6 6. b3 b6 7. Bb2 Be7 8. Nbd2 Bb7 9. Re1 0-0 10. e3 Rb8 11. dxc5 bxc5 12. e4 dxe4 13. Ng5 Nd4 14. Ngxe4 Nxe4 15. Nxe4 Qb6 16. c3 Nc6 17. Qc2 Rfd8 18. Rad1 1/2-1/2

[Event "GER-ch U25 op-A"]
[Site "Oberhof"]
[Date "2013.05.25"]
[Round "9"]
[White "Baudy, Niklas"]
[Black "Eimer, Christina"]
[Result "1-0"]
[WhiteElo "1675"]
[BlackElo "1541"]
[PlyCount "85"]
[EventDate "2013.05.19"]
[EventType "swiss"]
[EventRounds "9"]
[EventCountry "GER"]
[SourceTitle "CBM 154 Extra"]
[Source "ChessBase"]
[SourceDate "2013.06.25"]
[SourceVersion "2"]
[SourceVersionDate "2013.06.25"]
[SourceQuality "1"]

1. e4 e5 2. Nf3 Nc6 3. d4 exd4 4. Nxd4 Nxd4 5. Qxd4 d6 6. Bc4 Nf6 7. Nc3 Be7 8. Be3 Be6 9. Rd1 Bxc4 10. Qxc4 0-0 11. 0-0 Ng4 12. Bf4 Bg5 13. Bxg5 Qxg5 14. Qxc7 Qe5 15. Qxd6 Qxd6 16. Rxd6 Rfe8 17. Rfd1 Ne5 18. R6d5 a6 19. f3 Rac8 20. Rb1 Nc6 21. Rd7 b5 22. a3 Ne5 23. Ra7 Ra8 24. Rxa8 Rxa8 25. Kf2 Nc4 26. Nd5 Kf8 27. c3 Rc8 28. b3 Ne5 29. Ke3 f6 30. Kd4 Kf7 31. f4 Nd7 32. c4 Nc5 33. f5 g6 34. b4 Nd7 35. c5 Ne5 36. Ra1 Nc6+ 37. Kc3 Ne7 38. Nxe7 Kxe7 39. Rd1 Ra8 40. Rd6 Ra7 41. Re6+ Kf7 42. c6 Rc7 43. Kd4 1-0

[Event "GER-ch U25 op-A"]
[Site "Oberhof"]
[Date "2013.05.24"]
[Round "8"]
[White "Eimer, Christina"]
[Black "Martin, Raphael"]
[Result "1-0"]
[WhiteElo "1541"]
[BlackElo "1682"]
[PlyCount "139"]
[EventDate "2013.05.19"]
[EventType "swiss"]
[EventRounds "9"]
[EventCountry "GER"]
[SourceTitle "CBM 154 Extra"]
[Source "ChessBase"]
[SourceDate "2013.06.25"]
[SourceVersion "2"]
[SourceVersionDate "2013.06.25"]
[SourceQuality "1"]

1. e4 e5 2. Nf3 Nc6 3. Bb5 a6 4. Bxc6 dxc6 5. Nc3 Bg4 6. d3 Nf6 7. h3 Bxf3 8. Qxf3 Qd7 9. a3 h6 10. Be3 0-0-0 11. Na4 Kb8 12. b4 Qe6 13. Bc5 Nd7 14. Qe3 Bxc5 15. Nxc5 Qd6 16. Nxd7+ Rxd7 17. 0-0 g5 18. Rfb1 Qd4 19. Qxd4 Rxd4 20. a4 Kc8 21. b5 cxb5 22. axb5 Rd6 23. Ra5 Kd7 24. bxa6 Rxa6 25. Rxe5 b6 26. Reb5 Rha8 27. R5b2 Kc6 28. Kf1 Ra5 29. Ke2 Kc5 30. Ke3 Rd8 31. Rb4 Kc6 32. Rc4+ Rc5 33. Rxc5+ Kxc5 34. c3 Ra8 35. Rb4 Ra3 36. Rc4+ Kd6 37. Rd4+ Ke6 38. c4 c6 39. Rd8 h5 40. Rb8 Rb3 41. Rb7 b5 42. c5 Ra3 43. Rb6 Kd7 44. e5 Ke6 45. Rxc6+ Kd5 46. Rc7 Rc3 47. Kd2 Rxc5 48. Rxf7 Kxe5 49. Ke3 Rc2 50. g3 Rb2 51. f4+ gxf4+ 52. Rxf4 b4 53. Rh4 b3 54. Rxh5+ Kd6 55. Rb5 Rb1 56. Kd2 b2 57. g4 Rh1 58. Rxb2 Rxh3 59. Rb8 Rg3 60. Rg8 Kd5 61. Kc3 Ke5 62. Kc4 Kd6 63. d4 Rg1 64. Rg6+ Kc7 65. Kd5 Kd7 66. Rg7+ Kd8 67. Kd6 Kc8 68. g5 Rg2 69. g6 Rg4 70. d5 1-0

[Event "GER-chT Lands U20"]
[Site "Verden an der Aller"]
[Date "2007.10.03"]
[Round "7.8"]
[White "Rosenfeld, Elisabeth"]
[Black "Eimer, Christina"]
[Result "1-0"]
[WhiteElo "1491"]
[BlackElo "1077"]
[PlyCount "155"]
[EventDate "2007.09.29"]
[EventType "team-swiss"]
[EventRounds "7"]
[EventCountry "GER"]
[SourceTitle "CBM 120 Extra"]
[Source "ChessBase"]
[SourceDate "2007.11.01"]
[SourceVersion "1"]
[SourceVersionDate "2007.11.01"]
[SourceQuality "1"]
[WhiteTeam "Nordrhein Westfalen"]
[BlackTeam "Rheinland Pfalz"]
[WhiteTeamCountry "GER"]
[BlackTeamCountry "GER"]

1. e4 e6 2. d4 d5 3. exd5 exd5 4. c4 c6 5. Nc3 Nf6 6. Bg5 Be7 7. Nf3 Bf5 8. Be2 h6 9. Bh4 0-0 10. 0-0 Re8 11. Qd2 Bd6 12. Rae1 Nbd7 13. cxd5 cxd5 14. Nxd5 Be6 15. Nc3 Qc7 16. Bb5 Ng4 17. Bg3 a6 18. Bxd6 Qxd6 19. Ne4 Qe7 20. Bxd7 Qxd7 21. b3 Qc6 22. h3 Bd5 23. Rc1 Qg6 24. Ng3 Nf6 25. Ne5 Qg5 26. Qxg5 hxg5 27. Nf5 Be6 28. Nd6 Red8 29. Nxb7 Rxd4 30. Nc5 Rd5 31. Nxe6 fxe6 32. Nf3 Rad8 33. Rc6 Rd1 34. Rxa6 Rxf1+ 35. Kxf1 Ne4 36. Rxe6 Nc3 37. a3 Kf7 38. Nxg5+ Kg8 39. g3 Nd5 40. Re1 Nf6 41. b4 Rd3 42. Re3 Rd4 43. b5 Rd5 44. Ne4 Rxb5 45. Nxf6+ gxf6 46. a4 Ra5 47. Ra3 Kf7 48. Ke2 Ke6 49. Kd3 Kd6 50. Ra2 Kc6 51. h4 Rf5 52. Re2 Kb6 53. Re4 Rxf2 54. Ke3 Ra2 55. Re6+ Kc7 56. Rxf6 Rxa4 57. Rf4 Ra3+ 58. Kf2 Kd6 59. g4 Ke5 60. Rf3 Ra4 61. Kg3 Ke6 62. h5 Ra8 63. Rf5 Rg8 64. Kh4 Rh8 65. Kg5 Rg8+ 66. Kh4 Rh8 67. Rg5 Kf6 68. Rg6+ Kf7 69. Kg5 Kf8 70. h6 Kf7 71. Rg7+ Kf8 72. Kg6 Ke8 73. h7 Kf8 74. Kh6 Ke8 75. Rg8+ Rxg8 76. hxg8Q+ Kd7 77. Qg6 Ke7 78. Kg5 1-0

[Event "GER-chT Lands U20"]
[Site "Verden an der Aller"]
[Date "2007.10.01"]
[Round "4.8"]
[White "Freis, Katrin"]
[Black "Eimer, Christina"]
[Result "0-1"]
[WhiteElo "1047"]
[BlackElo "1077"]
[PlyCount "92"]
[EventDate "2007.09.29"]
[EventType "team-swiss"]
[EventRounds "7"]
[EventCountry "GER"]
[SourceTitle "CBM 120 Extra"]
[Source "ChessBase"]
[SourceDate "2007.11.01"]
[SourceVersion "1"]
[SourceVersionDate "2007.11.01"]
[SourceQuality "1"]
[WhiteTeam "Saarland"]
[BlackTeam "Rheinland Pfalz"]
[WhiteTeamCountry "GER"]
[BlackTeamCountry "GER"]

1. e4 e6 2. Nf3 d5 3. exd5 exd5 4. Qe2+ Be7 5. g3 Nf6 6. Bg2 0-0 7. 0-0 Bg4 8. Nc3 c6 9. d3 Nbd7 10. Re1 Re8 11. Be3 Bc5 12. Qd2 Bxf3 13. Bxf3 d4 14. b4 dxe3 15. fxe3 Bxb4 16. Rab1 Bd6 17. Rxb7 Nc5 18. Rbb1 Qc7 19. Qg2 Rac8 20. d4 Ncd7 21. Ne4 c5 22. Nxf6+ Nxf6 23. Rb7 Qa5 24. Ra1 Qc3 25. Rb3 Qxa1+ 26. Qf1 Qxf1+ 27. Kxf1 cxd4 28. exd4 Rxc2 29. h4 Bxg3 30. Rb1 Rf2+ 31. Kg1 Rxf3 32. Kg2 Rd3 33. Rc1 g6 34. a4 Re2+ 35. Kf1 Rf2+ 36. Kg1 Bxh4 37. a5 Rf4 38. Kg2 Rg3+ 39. Kh2 Ng4+ 40. Kh1 Ne3 41. d5 Rf1+ 42. Rxf1 Nxf1 43. d6 Nd2 44. d7 Nf3 45. d8Q+ Bxd8 46. a6 Rg1# 0-1

[Event "GER-ch U12"]
[Site "Willingen"]
[Date "2007.06.01"]
[Round "11"]
[White "Eimer, Christina"]
[Black "Holzmann, Arthur"]
[Result "0-1"]
[WhiteElo "928"]
[BlackElo "1229"]
[PlyCount "124"]
[EventDate "2007.05.26"]
[EventType "swiss"]
[EventRounds "11"]
[EventCountry "GER"]
[SourceTitle "CBM 118 Extra"]
[Source "ChessBase"]
[SourceDate "2007.07.04"]
[SourceVersion "1"]
[SourceVersionDate "2007.07.04"]
[SourceQuality "1"]

1. e4 d5 2. exd5 Qxd5 3. Nc3 Qa5 4. d4 c6 5. Bd2 Qc7 6. Nf3 Bf5 7. Bc4 Nf6 8. 0-0 e6 9. Re1 Be7 10. a3 0-0 11. Nh4 Bg6 12. Nxg6 hxg6 13. Re3 Nbd7 14. Rh3 Bd6 15. Qf3 Rfe8 16. Rh4 Kf8 17. Rh8+ Ke7 18. Rxe8+ Rxe8 19. g3 Kd8 20. Be3 Nb6 21. Bd3 Nbd5 22. Nxd5 Nxd5 23. Bg5+ Be7 24. Bxe7+ Qxe7 25. c4 Qf6 26. Qe2 Ne7 27. Rd1 Kc8 28. Be4 Rd8 29. Qe3 b6 30. b4 e5 31. d5 Qd6 32. Qf3 f5 33. Bc2 cxd5 34. cxd5 Nxd5 35. Bb3 e4 36. Qe2 Qc6 37. Qa6+ Kb8 38. b5 Qc5 39. h4 Rd6 40. Bxd5 Rxd5 41. Qa4 Rxd1+ 42. Qxd1 Kc7 43. a4 e3 44. fxe3 Qxe3+ 45. Kg2 Qe4+ 46. Qf3 Kd6 47. Qxe4 fxe4 48. Kf2 Ke5 49. Ke3 Kd5 50. g4 Ke5 51. h5 g5 52. h6 gxh6 53. Ke2 Kf4 54. Kf2 Kxg4 55. Ke3 Kf5 56. Ke2 g4 57. Kf2 Kf4 58. Kg2 e3 59. Kf1 Kf3 60. Ke1 e2 61. Kd2 Kf2 62. Kd3 e1Q 0-1

[Event "GER-ch U12"]
[Site "Willingen"]
[Date "2007.05.29"]
[Round "6"]
[White "Eimer, Christina"]
[Black "Kuckling, Hannah"]
[Result "0-1"]
[WhiteElo "928"]
[BlackElo "1248"]
[PlyCount "56"]
[EventDate "2007.05.26"]
[EventType "swiss"]
[EventRounds "11"]
[EventCountry "GER"]
[SourceTitle "CBM 118 Extra"]
[Source "ChessBase"]
[SourceDate "2007.07.04"]
[SourceVersion "1"]
[SourceVersionDate "2007.07.04"]
[SourceQuality "1"]

1. e4 c5 2. Nf3 d6 3. d4 cxd4 4. Qxd4 Nc6 5. Bb5 Bd7 6. Bxc6 Bxc6 7. Nc3 Nf6 8. Be3 g6 9. 0-0-0 Bg7 10. Kb1 0-0 11. Qd3 Qa5 12. h3 b5 13. e5 dxe5 14. Nxe5 Bxg2 15. Rh2 b4 16. Nb5 Be4 17. Qe2 Rfc8 18. Rd2 a6 19. f3 Bf5 20. Nc4 Qxb5 21. Nb6 Qxe2 22. Rdxe2 Rab8 23. Nxc8 Rxc8 24. h4 Rd8 25. b3 Rd1+ 26. Bc1 Bh6 27. Kb2 Bxc1+ 28. Kb1 Ba3# 0-1

[Event "GER-ch U12"]
[Site "Willingen"]
[Date "2007.05.28"]
[Round "4"]
[White "Lehmann, Patricia"]
[Black "Eimer, Christina"]
[Result "1-0"]
[WhiteElo "1149"]
[BlackElo "928"]
[PlyCount "127"]
[EventDate "2007.05.26"]
[EventType "swiss"]
[EventRounds "11"]
[EventCountry "GER"]
[SourceTitle "CBM 118 Extra"]
[Source "ChessBase"]
[SourceDate "2007.07.04"]
[SourceVersion "1"]
[SourceVersionDate "2007.07.04"]
[SourceQuality "1"]

1. d4 Nf6 2. c4 e5 3. dxe5 Ne4 4. Bf4 Bb4+ 5. Bd2 Nxd2 6. Nxd2 Nc6 7. Ngf3 Qe7 8. a3 Bxd2+ 9. Qxd2 Nxe5 10. Nxe5 Qxe5 11. e3 0-0 12. Be2 d6 13. 0-0 Qg5 14. g3 Rd8 15. Rfd1 c6 16. b4 Be6 17. Rac1 d5 18. c5 Rd7 19. Qd4 Re8 20. b5 Rc8 21. bxc6 bxc6 22. Rb1 Rdd8 23. Qa4 Qe5 24. Qxa7 h6 25. Qa4 Bd7 26. Qd4 Qxd4 27. Rxd4 Rb8 28. Rxb8 Rxb8 29. e4 Ra8 30. a4 Bh3 31. exd5 cxd5 32. Bg4 Bxg4 33. Rxg4 Rc8 34. Kf1 Rxc5 35. Ke2 Kf8 36. Kd3 Ra5 37. Rb4 Ke7 38. Rb7+ Ke6 39. Rb6+ Ke5 40. f4+ Kf5 41. Rb5 Rxa4 42. Rxd5+ Kg6 43. f5+ Kg5 44. Ke3 Ra2 45. h3 Rh2 46. h4+ Kg4 47. Rd7 Kxg3 48. Rxf7 Rh3 49. Rxg7+ Kxh4+ 50. Kf2 Rc3 51. f6 Rc8 52. Rg3 h5 53. Rg6 Rf8 54. Kf3 Kh3 55. Kf4 Kh2 56. Rh6 Kg2 57. Ke5 Re8+ 58. Kd6 Re3 59. f7 Rf3 60. Ke7 Rf5 61. f8Q Rxf8 62. Kxf8 Kg3 63. Rxh5 Kg4 64. Ra5 1-0